[Event "World Chess Cup 2011"]
[Site "Khanty-Mansiysk RUS"]
[Date "2011.08.28"]
[Round "11"]
[White "Ivanisevic, Ivan"]
[Black "Onischuk, Alexander"]
[Result "1/2-1/2"]
[WhiteElo "2633"]
[BlackElo "2675"]
[PlyCount "87"]
[EventDate "2011.08.28"]
[EventType "k.o."]
[EventRounds "7"]
[EventCountry "RUS"]
[Source "lmi"]
[SourceDate "2011.08.28"]
[WhiteTeam "SRB"]
[BlackTeam "Estados Unidos"]
[BlackTeamCountry "USA"]

1. d4 Nf6 2. c4 e6 3. Nc3 Bb4 4. Bg5 c5 5. d5 exd5 6. cxd5 d6 7. e3 Nbd7 8. Bd3
Ne5 9. Nge2 h6 10. Bh4 O-O 11. O-O Ng6 12. Bg3 Nh5 13. Bc2 Qe7 14. Qd3 Bd7 15.
Nf4 Nhxf4 16. exf4 Rfe8 17. f5 Ne5 18. Qe4 f6 19. h3 Nf7 20. Qxe7 Rxe7 21. Ne4
c4 22. a3 Bc5 23. Nxc5 dxc5 24. Rfe1 Rxe1+ 25. Rxe1 Kf8 26. Bf4 b6 27. g4 Re8
28. Re4 Rxe4 29. Bxe4 Ke7 30. Bb8 Nd6 31. f3 a6 32. Kf2 Nc8 33. Bc7 b5 34. Ke3
Be8 35. h4 Kd7 36. Bb8 Bf7 37. g5 hxg5 38. hxg5 Nb6 39. Ba7 Na4 40. g6 Bg8 41.
Bc2 Bxd5 42. Bxa4 bxa4 43. Bxc5 Ke8 44. Bb4 1/2-1/2

[Event "World Chess Cup 2011"]
[Site "Khanty-Mansiysk RUS"]
[Date "2011.08.28"]
[Round "11"]
[White "Korobov, Anton"]
[Black "Zhou, Jianchao"]
[Result "1-0"]
[WhiteElo "2671"]
[BlackElo "2636"]
[PlyCount "80"]
[EventDate "2011.08.28"]
[EventType "k.o."]
[EventRounds "7"]
[EventCountry "RUS"]
[Source "lmi"]
[SourceDate "2011.08.28"]
[WhiteTeam "Ucrania"]
[BlackTeam "China"]
[WhiteTeamCountry "UKR"]
[BlackTeamCountry "CHN"]

1. d4 Nf6 2. c4 e6 3. Nf3 Bb4+ 4. Nbd2 O-O 5. a3 Be7 6. e4 d5 7. e5 Nfd7 8. b4
a5 9. b5 c5 10. Bb2 cxd4 11. Qc2 Nc5 12. Bxd4 Nbd7 13. Be2 b6 14. cxd5 exd5 15.
O-O Bb7 16. Rfe1 Ne6 17. Bb2 Rc8 18. Qb1 Ndc5 19. Nd4 Nxd4 20. Bxd4 Ne6 21. Nf3
Bc5 22. Qb2 Qe7 23. Bd3 g6 24. Bf1 Qc7 25. g3 Rce8 26. Rac1 Nxd4 27. Qxd4 Qe7
28. Qf4 Bxa3 29. Rcd1 Kg7 30. Nd4 f6 31. e6 Qd6 32. Qxd6 Bxd6 33. Nc6 Bxc6 34.
bxc6 Re7 35. Rxd5 Bc7 36. Rd7 Rfe8 37. g4 f5 38. g5 h6 39. h4 hxg5 40. hxg5 Kf8
1-0

[Event "World Chess Cup 2011"]
[Site "Khanty-Mansiysk RUS"]
[Date "2011.08.29"]
[Round "12"]
[White "El Gindy, Essam"]
[Black "Almasi, Zoltan"]
[Result "0-1"]
[WhiteElo "2510"]
[BlackElo "2726"]
[PlyCount "72"]
[EventDate "2011.08.28"]
[EventType "k.o."]
[EventRounds "7"]
[EventCountry "RUS"]
[Source "lmi"]
[SourceDate "2011.08.28"]
[WhiteTeam "Egipto"]
[BlackTeam "Hungría"]
[WhiteTeamCountry "EGY"]
[BlackTeamCountry "HUN"]

1. d4 Nf6 2. c4 e6 3. Nc3 Bb4 4. e3 O-O 5. Nge2 d5 6. a3 Be7 7. cxd5 exd5 8. b4
c6 9. Ng3 b5 10. Qc2 a5 11. Rb1 axb4 12. axb4 Na6 13. Na2 Bd7 14. Bd3 Re8 15.
O-O Bd6 16. f3 Qc7 17. Qf2 Be6 18. Bd2 Qe7 19. Rfc1 Nb8 20. Rb2 Ra3 21. Rc3 Ra6
22. Rc1 Nbd7 23. Nf5 Bxf5 24. Bxf5 Rea8 25. Bb1 Qe8 26. Re1 Nb6 27. e4 dxe4 28.
Bg5 Qe6 29. Nc3 Nc4 30. Rbe2 Bxb4 31. Nxe4 Nxe4 32. Rxe4 Bxe1 33. Qxe1 Qd7 34.
Qh4 f5 35. Re7 Qd6 36. Qe1 Ra1 0-1

[Event "World Chess Cup 2011"]
[Site "Khanty-Mansiysk RUS"]
[Date "2011.08.29"]
[Round "12"]
[White "Vachier-Lagrave, Maxime"]
[Black "Rahman, Ziaur"]
[Result "1-0"]
[WhiteElo "2722"]
[BlackElo "2528"]
[PlyCount "167"]
[EventDate "2011.08.28"]
[EventType "k.o."]
[EventRounds "7"]
[EventCountry "RUS"]
[Source "lmi"]
[SourceDate "2011.08.28"]
[WhiteTeam "Francia"]
[BlackTeam "Bangladesh"]
[WhiteTeamCountry "FRA"]
[BlackTeamCountry "BAN"]

1. e4 d6 2. d4 Nf6 3. Nc3 g6 4. Be3 c6 5. Nf3 Bg7 6. Bd3 O-O 7. O-O Nbd7 8. Qd2
Qc7 9. Rfe1 e5 10. Bh6 Re8 11. h3 Nf8 12. Bxg7 Kxg7 13. Ne2 Bd7 14. Qc3 Rad8
15. Ng3 h6 16. Rad1 N6h7 17. Bc4 f6 18. h4 h5 19. Rd3 Be6 20. Bxe6 Nxe6 21. Ne2
c5 22. d5 Nef8 23. Nd2 Qd7 24. f4 Re7 25. Rg3 Kh8 26. Rf1 Rg7 27. Qe3 Re8 28.
f5 g5 29. Rh3 Qa4 30. b3 Qxa2 31. Qc3 Qa6 32. Nc4 Rd8 33. hxg5 Nxg5 34. Rxh5+
Nfh7 35. Ra1 Qb5 36. Rxa7 Nxe4 37. Qd3 Neg5 38. Nxe5 c4 39. Nxc4 Qc5+ 40. Qe3
Qxd5 41. Ng3 Rdg8 42. Kh2 Nf7 43. Rh3 Nfg5 44. Rh6 Nf7 45. Rg6 Rxg6 46. fxg6
Rxg6 47. Ra8+ Rg8 48. Rxg8+ Kxg8 49. Qe8+ Nf8 50. Qe4 Qg5 51. Nf5 Qh5+ 52. Kg3
Qg5+ 53. Qg4 d5 54. Ne7+ Kg7 55. Nxd5 Qxg4+ 56. Kxg4 Ne6 57. c3 b5 58. Nce3
Nh6+ 59. Kf3 b4 60. cxb4 Nd4+ 61. Ke4 Nxb3 62. b5 Nf7 63. Nf5+ Kg6 64. Nf4+ Kg5
65. Ne6+ Kg4 66. b6 Na5 67. Ned4 Ne5 68. Ne3+ Kg3 69. Ndf5+ Kh2 70. Kf4 Nd7 71.
Kf3 Kg1 72. Nd4 f5 73. Ne2+ Kh1 74. Kf2 f4 75. Nxf4 Nc5 76. g4 Ne4+ 77. Kf3
Ng5+ 78. Kg3 Ne4+ 79. Kh4 Kg1 80. Nh3+ Kh2 81. g5 Nc6 82. g6 Nd6 83. g7 Ne7 84.
Nf4 1-0

[Event "World Chess Cup 2011"]
[Site "Khanty-Mansiysk RUS"]
[Date "2011.08.29"]
[Round "12"]
[White "Halkias, Stelios"]
[Black "Morozevich, Alexander"]
[Result "1/2-1/2"]
[WhiteElo "2600"]
[BlackElo "2694"]
[PlyCount "80"]
[EventDate "2011.08.28"]
[EventType "k.o."]
[EventRounds "7"]
[EventCountry "RUS"]
[Source "lmi"]
[SourceDate "2011.08.28"]
[WhiteTeam "Grecia"]
[BlackTeam "Rusia"]
[WhiteTeamCountry "GRE"]
[BlackTeamCountry "RUS"]

1. d4 Nf6 2. c4 e6 3. Nf3 d5 4. g3 dxc4 5. Bg2 Nc6 6. Qa4 Bb4+ 7. Bd2 Nd5 8.
Bxb4 Ndxb4 9. O-O Rb8 10. Nc3 a6 11. Ne5 O-O 12. Nxc6 Nxc6 13. Bxc6 bxc6 14.
Qxc4 Rxb2 15. Rab1 Rb6 16. Qc5 h6 17. Rfd1 Re8 18. a4 f6 19. a5 Rxb1 20. Rxb1
e5 21. d5 cxd5 22. Nxd5 Qd7 23. Nxc7 Rd8 24. Qc4+ Qf7 25. Qc2 Bh3 26. Nxa6 Qd5
27. e4 Qxa5 28. Nb4 Kh7 29. Nd5 f5 30. Ne7 f4 31. Nf5 Rd2 32. Qb3 Qc5 33. Qf3
Bg4 34. Qg2 Qc2 35. Re1 f3 36. Qf1 Bxf5 37. exf5 Qxf5 38. Qb5 Qc2 39. Qxe5 Rd1
40. h4 Rxe1+ 1/2-1/2

[Event "World Chess Cup 2011"]
[Site "Khanty-Mansiysk RUS"]
[Date "2011.08.30"]
[Round "14"]
[White "Kobalia, Mikhail"]
[Black "Lysyj, Igor"]
[Result "0-1"]
[WhiteElo "2679"]
[BlackElo "2629"]
[PlyCount "124"]
[EventDate "2011.08.28"]
[EventType "k.o."]
[EventRounds "7"]
[EventCountry "RUS"]
[Source "lmi"]
[SourceDate "2011.08.28"]
[WhiteTeam "Rusia"]
[BlackTeam "Rusia"]
[WhiteTeamCountry "RUS"]
[BlackTeamCountry "RUS"]

1. e4 e5 2. Nf3 Nc6 3. Bc4 Bc5 4. c3 Nf6 5. d3 O-O 6. Bb3 d5 7. Qe2 a5 8. Bg5
dxe4 9. dxe4 h6 10. Bh4 a4 11. Bc4 Qd6 12. Nbd2 Nh5 13. Bg3 Bg4 14. Bd5 Nxg3
15. hxg3 Ne7 16. Bc4 c6 17. a3 Rad8 18. O-O-O Qf6 19. Ba2 b5 20. Rh4 Be6 21.
Bxe6 Qxe6 22. Ne1 Ng6 23. Rh1 Qa2 24. Nc2 Rd6 25. Nf3 Rfd8 26. Rxd6 Rxd6 27.
Nh2 Qe6 28. Ng4 Rd8 29. Rf1 Ne7 30. f4 exf4 31. gxf4 f5 32. Ne5 fxe4 33. Qxe4
Qd5 34. Qe2 Nf5 35. Rf3 Re8 36. Rd3 Qe6 37. Qg4 Bd6 38. Nxc6 Qe4 39. Rf3 Bc5
40. N6b4 Rd8 41. Qh3 Qe2 42. Rd3 Qf1+ 43. Kd2 Qxf4+ 44. Kd1 Qf1+ 45. Kd2 Qf4+
46. Kd1 Qf1+ 47. Ne1 Ne3+ 48. Qxe3 Bxe3 49. Rxd8+ Kh7 50. Nbd3 Qf6 51. Rd5 Qc6
52. Re5 Bg5 53. Rc5 Qd7 54. Kc2 Be7 55. Re5 Bf6 56. Re2 Qd5 57. Nf3 h5 58. Nd2
h4 59. Ne4 Bd8 60. Ndf2 Qf5 61. Nd3 Bc7 62. Re3 Qg4 0-1

[Event "World Chess Cup 2011"]
[Site "Khanty-Mansiysk RUS"]
[Date "2011.08.30"]
[Round "16"]
[White "Motylev, Alexander"]
[Black "Drozdovskij, Yuri"]
[Result "0-1"]
[WhiteElo "2685"]
[BlackElo "2614"]
[PlyCount "136"]
[EventDate "2011.08.28"]
[EventType "k.o."]
[EventRounds "7"]
[EventCountry "RUS"]
[Source "lmi"]
[SourceDate "2011.08.28"]
[WhiteTeam "Rusia"]
[BlackTeam "Ucrania"]
[WhiteTeamCountry "RUS"]
[BlackTeamCountry "UKR"]

1. e4 e6 2. d4 d5 3. Nc3 Bb4 4. exd5 exd5 5. Bd3 Nc6 6. Nge2 Be6 7. O-O Qf6 8.
a3 Ba5 9. Be3 Nge7 10. Na4 Bf5 11. Ng3 Bxd3 12. Qxd3 h5 13. Ne2 h4 14. h3 O-O-O
15. b4 Bb6 16. Qd2 Rde8 17. Nxb6+ axb6 18. a4 Nf5 19. a5 b5 20. Nc3 Ncxd4 21.
Rad1 Nc6 22. Nxd5 Qg6 23. Bc5 Re4 24. Rfe1 Rxe1+ 25. Qxe1 Rd8 26. Qe4 Qe6 27.
Qxe6+ fxe6 28. Ne3 Nfd4 29. Kf1 e5 30. c4 bxc4 31. Nxc4 Re8 32. Re1 Nb3 33. Be3
Rd8 34. Rb1 Rd3 35. Rb2 Rc3 36. Nd2 Nbd4 37. Rb1 Rc2 38. Bg5 Nxb4 39. Ne4 Nbc6
40. Ra1 Nb3 41. Ra3 Ncxa5 42. Bxh4 b5 43. Be7 Nd4 44. Kg1 Nac6 45. Bf8 b4 46.
Ra1 b3 47. Kh2 b2 48. Rb1 Na5 49. Bxg7 Nc4 50. f4 Na3 51. Rxb2 Rxb2 52. fxe5
Ne6 53. Bf6 Nc4 54. Kg3 Re2 55. Nf2 Nxe5 56. h4 Rxf2 57. Bxe5 Rf1 58. Kg4 c5
59. h5 Rh1 60. Kf5 Kd7 61. g4 Ke7 62. Kg6 Rg1 63. Bf6+ Ke8 64. h6 Nf8+ 65. Kh5
Rh1+ 66. Kg5 Nh7+ 67. Kg6 Nxf6 68. g5 Ne4 0-1

[Event "World Chess Cup 2011"]
[Site "Khanty-Mansiysk RUS"]
[Date "2011.08.30"]
[Round "18"]
[White "Nielsen, Peter Heine"]
[Black "Postny, Evgeny"]
[Result "1-0"]
[WhiteElo "2681"]
[BlackElo "2618"]
[PlyCount "101"]
[EventDate "2011.08.28"]
[EventType "k.o."]
[EventRounds "7"]
[EventCountry "RUS"]
[Source "lmi"]
[SourceDate "2011.08.28"]
[WhiteTeam "Dinamarca"]
[BlackTeam "Israel"]
[WhiteTeamCountry "DEN"]
[BlackTeamCountry "ISR"]

1. d4 Nf6 2. c4 e6 3. Nf3 b6 4. g3 Bb4+ 5. Bd2 a5 6. Bg2 O-O 7. O-O Ba6 8. Qc2
c5 9. Rd1 d5 10. Bg5 cxd4 11. cxd5 d3 12. exd3 h6 13. Bxf6 Qxf6 14. Nc3 Nd7 15.
dxe6 fxe6 16. Ne4 Qf7 17. Rac1 Rad8 18. Qe2 e5 19. Rc7 Qxa2 20. Qc2 Qe6 21. h4
Nc5 22. d4 exd4 23. Nxd4 Qg6 24. Rc6 Qg4 25. Rxb6 Nxe4 26. Bxe4 Bc8 27. Qb3+
Kh8 28. Bf3 Qh3 29. Qe3 Bc5 30. Rxh6+ Kg8 31. Qb3+ Rf7 32. Bh5 Rdf8 33. Bxf7+
Rxf7 34. Rh8+ Kxh8 35. Qxf7 Qg4 36. Qf3 Qg6 37. Ne2 Bg4 38. Nf4 Qf5 39. Rd8+
Kh7 40. Qd3 Qxd3 41. Nxd3 Bb6 42. Rd5 Bf3 43. Rb5 Bc7 44. Nf4 a4 45. Rb4 Bd1
46. Rb7 Be5 47. Nd3 Bf6 48. Nc5 Bf3 49. Ra7 Bd4 50. Ra5 Kg6 51. Nxa4 1-0

[Event "World Chess Cup 2011"]
[Site "Khanty-Mansiysk RUS"]
[Date "2011.09.03"]
[Round "31"]
[White "Ivanchuk, Vassily"]
[Black "Sutovsky, Emil"]
[Result "0-1"]
[WhiteElo "2768"]
[BlackElo "2700"]
[PlyCount "80"]
[EventDate "2011.08.28"]
[EventType "k.o."]
[EventRounds "7"]
[EventCountry "RUS"]
[Source "lmi"]
[SourceDate "2011.08.28"]
[WhiteTeam "Ucrania"]
[BlackTeam "Israel"]
[WhiteTeamCountry "UKR"]
[BlackTeamCountry "ISR"]

1. e4 c5 2. Nf3 d6 3. d4 cxd4 4. Nxd4 Nf6 5. f3 e5 6. Nb3 Be7 7. c4 a5 8. Be3
a4 9. Nc1 Qa5+ 10. Qd2 Bd8 11. Ne2 Be6 12. Na3 Qxd2+ 13. Kxd2 Ba5+ 14. Nc3 Nc6
15. Nab5 Ke7 16. Be2 Rhc8 17. Rhc1 Bb4 18. Rab1 Nd7 19. Ke1 Bc5 20. Bf2 Na5 21.
Nd5+ Bxd5 22. cxd5 g6 23. Bh4+ f6 24. Kd2 g5 25. Bg3 f5 26. exf5 Nf6 27. Nc3
Bb4 28. Kd3 Rc4 29. Bf2 Rac8 30. Be3 a3 31. Nb5 axb2 32. Rxc4 Nxc4 33. Bxg5 e4+
34. Kd4 Na3 35. Nxa3 Bc5+ 36. Kc3 Bxa3+ 37. Bc4 b5 38. Kb3 bxc4+ 39. Kxa3 c3
40. fxe4 Rb8 0-1

[Event "World Chess Cup 2011"]
[Site "Khanty-Mansiysk RUS"]
[Date "2011.09.04"]
[Round "32"]
[White "Moiseenko, Alexander"]
[Black "Navara, David"]
[Result "1/2-1/2"]
[WhiteElo "2715"]
[BlackElo "2722"]
[PlyCount "227"]
[EventDate "2011.08.28"]
[EventType "k.o."]
[EventRounds "7"]
[EventCountry "RUS"]
[Source "lmi"]
[SourceDate "2011.08.28"]
[WhiteTeam "Ucrania"]
[BlackTeam "Chequia"]
[WhiteTeamCountry "UKR"]
[BlackTeamCountry "CZE"]

1. d4 Nf6 2. c4 e6 3. Nf3 b6 4. g3 Ba6 5. Qb3 Nc6 6. Nbd2 Na5 7. Qa4 c5 8. Bg2
Bb7 9. dxc5 bxc5 10. O-O Be7 11. Ne5 Qc7 12. Bxb7 Nxb7 13. Ndf3 Nd6 14. Rd1 Rb8
15. b3 Nfe4 16. Bb2 f6 17. Nd3 h5 18. Rac1 Kf7 19. b4 cxb4 20. c5 Nf5 21. Rc4
Nxc5 22. Nxc5 d6 23. e4 Nh6 24. e5 dxc5 25. Rd7 Qb6 26. exf6 gxf6 27. Qd1 Nf5
28. Nh4 Rbd8 29. Nxf5 Rxd7 30. Qxd7 exf5 31. Qxf5 Qe6 32. Qd3 h4 33. gxh4 Rh5
34. Re4 Qd5 35. Qe2 Bd6 36. Qg4 Qf5 37. Qe2 Rh7 38. Qc4+ Kf8 39. Qe6 Bxh2+ 40.
Kf1 Qxe6 41. Rxe6 Rxh4 42. Rxf6+ Ke8 43. Ra6 c4 44. Ke2 Bf4 45. Bd4 c3 46. Kd3
Rh1 47. Be3 Bxe3 48. fxe3 Rh2 49. Rxa7 Rd2+ 50. Ke4 Rd1 51. Rc7 Ra1 52. Rc4
Rxa2 53. Rxb4 c2 54. Rc4 Ra4 55. Rxa4 c1=Q 56. Rd4 Ke7 57. Kd3 Qd1+ 58. Ke4 Qf1
59. Ke5 Qf3 60. Re4 Kd7 61. Kd4 Kd6 62. Rf4 Qd1+ 63. Kc3 Ke5 64. Rc4 Qc1+ 65.
Kd3 Qa3+ 66. Kd2 Qb2+ 67. Kd3 Qb3+ 68. Rc3 Qd1+ 69. Kc4 Ke4 70. Kc5 Qd5+ 71.
Kb4 Kf3 72. Rc5 Qd6 73. Kb5 Kxe3 74. Rc6 Qd5+ 75. Kb6 Kd4 76. Kc7 Qe5+ 77. Kd7
Kd5 78. Ra6 Qg7+ 79. Ke8 Qc7 80. Rh6 Ke5 81. Rg6 Kf5 82. Rh6 Qc1 83. Rd6 Qc8+
84. Ke7 Qc7+ 85. Rd7 Qe5+ 86. Kd8 Qb8+ 87. Ke7 Ke5 88. Kf7 Qh8 89. Re7+ Kf5 90.
Rd7 Qh7+ 91. Ke8 Qg8+ 92. Ke7 Ke5 93. Rc7 Qg7+ 94. Kd8 Qf8+ 95. Kd7 Kd5 96. Rc1
Qf5+ 97. Ke8 Kd6 98. Rd1+ Ke6 99. Re1+ Kf6 100. Rc1 Qb5+ 101. Kd8 Ke6 102. Re1+
Kf7 103. Re7+ Kf8 104. Rb7 Qd5+ 105. Rd7 Qa5+ 106. Rc7 Qa8+ 107. Kd7 Qd5+ 108.
Kc8 Ke8 109. Kb8 Kd8 110. Rc8+ Kd7 111. Rc7+ Kd6 112. Rc1 Qb3+ 113. Kc8 Qa3
114. Rd1+ 1/2-1/2

[Event "World Chess Cup 2011"]
[Site "Khanty-Mansiysk RUS"]
[Date "2011.09.05"]
[Round "34"]
[White "Potkin, Vladimir"]
[Black "Vitiugov, Nikita"]
[Result "1/2-1/2"]
[WhiteElo "2682"]
[BlackElo "2733"]
[PlyCount "141"]
[EventDate "2011.08.28"]
[EventType "k.o."]
[EventRounds "7"]
[EventCountry "RUS"]
[Source "lmi"]
[SourceDate "2011.08.28"]
[WhiteTeam "Rusia"]
[BlackTeam "Rusia"]
[WhiteTeamCountry "RUS"]
[BlackTeamCountry "RUS"]

1. d4 g6 2. Nf3 Bg7 3. e4 d6 4. c3 e6 5. Bd3 Ne7 6. O-O O-O 7. Re1 Nd7 8. Nbd2
b6 9. a4 a6 10. Nc4 Bb7 11. Qe2 h6 12. Bd2 Nf6 13. h3 Qd7 14. e5 Nfd5 15. Nh2
h5 16. Nf3 Bc6 17. Bg5 Rfe8 18. Bc2 Nf5 19. Ncd2 b5 20. axb5 axb5 21. Ne4 Rxa1
22. Rxa1 Ra8 23. Rxa8+ Bxa8 24. Bd3 Bc6 25. Qd2 dxe5 26. Nxe5 Qe8 27. Nxc6 Qxc6
28. Qe2 b4 29. Bb5 Qa8 30. Qe1 bxc3 31. bxc3 Qa5 32. Bc4 Nb6 33. Qe2 Nd6 34.
Nxd6 cxd6 35. Bd8 Qa1+ 36. Qf1 Qb2 37. Bxb6 Qxb6 38. h4 Qb2 39. Qd3 d5 40. Bb5
Bh6 41. g3 Bd2 42. c4 Be1 43. Qf1 dxc4 44. Bxc4 Qxd4 45. Qxe1 Qxc4 46. Qe5 Qd5
47. Qc3 e5 48. Qc8+ Kg7 49. Qc3 Kf6 50. Qe3 Ke6 51. Qc3 Qd4 52. Qc6+ Qd6 53.
Qc4+ Kf6 54. Qc3 Qd5 55. Qe3 Kf5 56. Qg5+ Ke6 57. Qe3 f6 58. Qc3 Kf5 59. Qc8+
Ke4 60. Qc2+ Kf3 61. Qc3+ Kg4 62. Kh2 Qf3 63. Qc2 e4 64. Qd2 e3 65. Qd4+ Kf5
66. Qc5+ Ke6 67. Qb6+ Ke5 68. Qc5+ Ke6 69. Qb6+ Kd7 70. Qa7+ Ke6 71. Qb6+
1/2-1/2